000 00898cam a22002891 4500
001 7439704
003 ARRUPE
005 20161024145630.0
008 740628s1951 ru 000 0 eng
010 _a 52030349
015 _aGB52-3991
035 _a(OCoLC)932114
040 _aDLC
_cVtMiM
_dUk
_dDLC
041 1 _aeng
_hrus
042 _apremarc
050 0 0 _aHV9177.P62T75
082 _a364.722
100 1 _aMakarenko, Anton Semenovich,
_d1888-1939.
_926922
245 1 4 _aThe road to life;
_ban epic of education.
_cby Makarenko, Anton Semenovich,
260 _aMoscow,
_bProgress Publishers,
_c1951.
300 _a453p.;
_billus. port.
_c17 cm.
440 0 _aLibrary of selected Soviet literature
_926923
500 _a2 vol.
610 2 0 _aTendovaia Koloniia︡ imeni M. Gurkogo, Poltava
_926924
906 _a7
_bcbc
_coclcrpl
_du
_encip
_f19
_gy-gencatlg
942 _2lcc
_cMONOGRAPH
999 _c125559
_d125559